Los hongos comunes que atacan cultivos en América Latina

Uloženo v:
Podrobná bibliografie
Hlavní autoři: Finch, H. C (Autor), Finch, A. N (Autor)
Médium: Kniha
Jazyk:španělština
Vydáno: Ciudad de México Trillas 1974
Témata:
Tagy: Přidat tag
Žádné tagy, Buďte první, kdo vytvoří štítek k tomuto záznamu!

MARC

LEADER 00000nam a2200000 a 4500
001 UCU4036
003 CL-VaPUC
008 960517e19740800MX |||||||||||||||||spa|d
082 0 4 |a 581.2  |b FIN  |2 21 
100 0 |a Finch, H. C  |e author  |9 361386 
700 0 |a Finch, A. N  |e author  |9 361387 
245 1 4 |a Los hongos comunes que atacan cultivos en América Latina 
300 |a 188 p 
942 |c BK 
945 |d 19960517 00:00:00  |a cmena 
260 |a Ciudad de México  |b Trillas  |c 1974 
650 0 |a Patología vegetal  |9 325426 
650 0 |a Enfermedades de las plantas  |9 259687 
650 0 |a Fitopatología   |9 340456 
650 0 |a Hongos  |9 261629 
650 0 |a Micología  |9 326258 
650 7 |a PLANTAS BOTANICA  |2 CL-VaPUC  |9 346074 
650 7 |a ENFERMEDADES PRODUCIDAS POR HONGOS  |2 CL-VaPUC  |9 361388 
651 0 |a América Latina   |9 255027 
583 |a last modification  |c 19960517 00:00:00  |k Rodrigo Vera 
999 |c 247865  |d 247863 
952 |0 0  |1 0  |4 0  |6 581_200000000000000_FIN_1974  |7 0  |8 A  |9 264067  |a BIBING  |b BIBING  |d 2019-11-19  |i 1665243  |o 581.2 FIN 1974  |p 1665243  |r 2025-01-20  |w 2019-11-19  |y BK  |k EIQ